Statistics for NFL MVP's

Click here to take the quiz!

General Stats

  • This quiz has been taken 967 times
    (548 since last reset)
  • The average score is 33 of 68

Answer Stats

YearPositionAnswer% Correct
2022QBPatrick Mahomes III
99%
2018QBPatrick Mahomes III
99%
2010QBTom Brady
97%
2017QBTom Brady
97%
2007QBTom Brady
97%
2020QBAaron Rodgers
93%
2021QBAaron Rodgers
93%
2019QBLamar Jackson
90%
2014QBAaron Rodgers
89%
2011QBAaron Rodgers
89%
2008QBPeyton Manning
86%
2009QBPeyton Manning
86%
2013QBPeyton Manning
86%
2003QBPeyton Manning
86%
2004QBPeyton Manning
86%
2012RBAdrian Peterson
81%
2015QBCam Newton
71%
2016QBMatt Ryan
67%
1989QBJoe Montana
62%
1990QBJoe Montana
62%
2006RBLaDainian Tomlinson
58%
1997RBBarry Sanders
57%
1997QBBrett Favre
57%
1996QBBrett Favre
57%
1995QBBrett Favre
57%
1993RBEmmitt Smith
55%
1994QBSteve Young
54%
1992QBSteve Young
54%
1965RBJim Brown
50%
1958RBJim Brown
50%
1957RBJim Brown
50%
1984QBDan Marino
48%
1972RBLarry Brown
47%
1986LBLawrence Taylor
47%
1962RBJim Taylor
46%
1999QBKurt Warner
45%
2001QBKurt Warner
45%
1987QBJohn Elway
44%
2005RBShaun Alexander
43%
2000RBMarshall Faulk
38%
1978QBTerry Bradshaw
38%
1977RBWalter Payton
36%
1966QBBart Starr
34%
1959QBJohnny Unitas
29%
1964QBJohnny Unitas
29%
1967QBJohnny Unitas
29%
1973RBO.J. Simpson
28%
2002QBRich Gannon
27%
1998RBTerrell Davis
27%
1985RBMarcus Allen
26%
2003QBSteve McNair
26%
1971DTAlan Page
21%
1981QBKen Anderson
21%
1975QBFran Tarkenton
20%
1991RBThurman Thomas
19%
1988QBBoomer Esiason
18%
1974QBKen Stabler
16%
1982KMark Moseley
16%
1979RBEarl Campbell
15%
1983QBJoe Theismann
15%
1976QBBert Jones
14%
1980QBBrian Sipe
10%
1963QBY. A. Tittle
9%
1960QBNorm Van Brocklin
8%
1961RBPaul Hornung
8%
1970QBJohn Brodie
7%
1969QBRoman Gabriel
7%
1968QBEarl Morrall
6%

Score Distribution

Percentile by Number Answered

Percent of People with Each Score

Your Score History

You have not taken this quiz since the last reset